| 000 | 00490nam a2200181Ia 4500 | ||
|---|---|---|---|
| 008 | 240925s9999 xx 000 0 und d | ||
| 020 | _a9788120334632 | ||
| 082 | _a004.62 DAV | ||
| 100 | _aDavies, Joseph | ||
| 245 | 0 | _aUnderstanding IPv6 | |
| 250 | _a2nd | ||
| 260 |
_aNew Delhi: _bPearson Printice Hall _c,2008. |
||
| 300 |
_a823p. _bN.A _fPirated |
||
| 500 | _aIncludes Index | ||
| 600 | _aComputer Science | ||
| 650 | _aComputer science, information & general works | ||
| 942 | _cBK | ||
| 999 |
_c10512 _d10512 |
||